000 00993nam a2200241 a 4500
001 38928
003 BD-RjUL
005 20211209052902.0
008 160323r20131994ii ||||| |||| 00| 0aben d
020 _a8172152981
_c: Tk. 550.00
035 _a(BD-RjUL)39038
040 _aBD-RjUL
_bben
_cBD-RjUL
041 _aben
082 _223
_a954.14031092
_bCHA 2013
100 _aচৌধুরী, নীরদচন্দ্র
_9120178
245 1 0 _aআমার দেবোত্তর সম্পত্তি /
_cনীরদচন্দ্র চৌধুরী
260 _aকলকাতাঃ
_bআনন্দ পাবলিশার্স প্রাইভেট লিমিটেড,
_c২০১৩.
300 _a২৯৪ পৃ.:
_c২৫ সেমি.
504 _aপরিশিষ্ট সংযুক্ত
650 _aHistorian
_9120179
_vBiography
_zIndia
650 _aইতিহাসবিদ
_9116539
_vজীবনী
_zভারত
942 _2ddc
_cBK
_01
999 _c38928
_d38928